Nezamestnanosť a rekvalifikácia: ekonomická potreba súčasnosti a výzva pre psychológiu psychických záťaží.

Nové kvality rekvalifikácie v súčasnom období. Formovanie koncepcie "životných udalostí" týkajúcej sa nezamestnanosti a rekvalifikácie. Skúmajú sa individuálne rozdiely tolerancie stresu záťaže z hľadiska určenia, skúseností. Metódy, ktoré sa používali a používajú pri koncepcii životných udalostí. N...

Descripción completa

Guardado en:
Detalles Bibliográficos
Autor principal: Kostolanský, R.
Formato: Capítulo de libro
Lenguaje:eslovaco
Materias:
Etiquetas: Agregar Etiqueta
Sin Etiquetas, Sea el primero en etiquetar este registro!

MARC

LEADER 00000naa a2200000 4500
001 r008904
005 20220831090619.2
041 0 |a slo 
044 |a [CS] 
245 1 0 |a Nezamestnanosť a rekvalifikácia: ekonomická potreba súčasnosti a výzva pre psychológiu psychických záťaží.  |c R. Kostolanský 
520 |a Nové kvality rekvalifikácie v súčasnom období. Formovanie koncepcie "životných udalostí" týkajúcej sa nezamestnanosti a rekvalifikácie. Skúmajú sa individuálne rozdiely tolerancie stresu záťaže z hľadiska určenia, skúseností. Metódy, ktoré sa používali a používajú pri koncepcii životných udalostí. Náčrt dvoch spôsobov zvládania záťaže pri stretnutí so životnou udalosťou a stratégií pri zvládaní tej ktorej životnej udalosti. 
610 2 0 |a rekvalifikácia 
610 2 0 |a nezamestnanosť 
610 2 0 |a psychológia 
610 2 0 |a koncepcie 
610 2 0 |a stresy 
100 1 |a Kostolanský, R.